The physical chemistry of electrolytic solutions /

Guardado en:
Autor Principal: Harned, Herbert S. 1888-1969.
Otros Autores: Owen, Benton B. 1900-1989.
Formato: Libro
Idioma:English
Publicado: New York : Reinhold Pub. Corp., [1958]
Edición:3rd ed.
Series:Monograph series (American Chemical Society) ; nº 137
Etiquetas: Agregar Etiqueta
Sin Etiquetas, Sea el primero en etiquetar este registro!
LEADER 00724nam a22001815a 4500
001 EEA.libagro000375
008 130809s1958####nyua##########000#0#eng#d
005 20191023112615.0
245 1 4 |a The physical chemistry of electrolytic solutions /  |c H.S. Harned, B.B. Owen. 
250 |a 3rd ed. 
260 |a New York :  |b Reinhold Pub. Corp.,  |c [1958] 
300 |a xxxiii, 803 p. :  |b il. ;  |c 23 cm. 
490 1 |a American Chemical Society. Monograph series ;  |v nº 137 
100 1 |a Harned, Herbert S.  |q (Herbert Spencer),  |d 1888-1969. 
700 1 |a Owen, Benton B.  |q (Benton Brooks),  |d 1900-1989. 
830 0 |a Monograph series (American Chemical Society) ;  |v nº 137 
082 0 4 |a 541.372 
859 |a AR-BbBCA  |b BIB. AGRONOMIA  |h 541.372  |i H289a3  |p 1974/0005